| 000 | 00528nam a22001937a 4500 | ||
|---|---|---|---|
| 003 | CEME | ||
| 005 | 20210628202613.0 | ||
| 008 | 210122b xxu||||| |||| 00| 0 eng d | ||
| 020 | _a81-297-0212-6 | ||
| 040 | _c. | ||
| 082 | _a621.381548 CAR | ||
| 100 |
_aCarr, Joseph .J _926343 |
||
| 245 | _aElements of electronic instrumentation and measurement | ||
| 250 | _a3RD | ||
| 260 |
_aNEW DELHI _bPEARSON EDUCATION _c2005 |
||
| 300 | _a607 P | ||
| 650 |
_aELECTRONIC INSTRUMENTATION AND MEASUREMENT _960690 |
||
| 942 |
_cBK _2ddc |
||
| 999 |
_c570362 _d570362 |
||